China's Robots / (Record no. 532484)
[ view plain ]
| 000 -LEADER | |
|---|---|
| fixed length control field | 00362nam a22001457a 4500 |
| 003 - CONTROL NUMBER IDENTIFIER | |
| control field | NUST |
| 020 ## - INTERNATIONAL STANDARD BOOK NUMBER | |
| International Standard Book Number | 9787508540092 |
| Qualifying information | P/B. |
| 038 ## - RECORD CONTENT LICENSOR | |
| Staff Name | waseem |
| 082 ## - DEWEY DECIMAL CLASSIFICATION NUMBER | |
| Classification number | 629.892 |
| Author Mark | HON |
| 100 ## - MAIN ENTRY--PERSONAL NAME | |
| Personal name | Hongpeng, Wang |
| 9 (RLIN) | 26031 |
| 245 ## - TITLE STATEMENT | |
| Title | China's Robots / |
| Statement of responsibility, etc. | Wang Hongpeng |
| 260 ## - PUBLICATION, DISTRIBUTION, ETC. | |
| Place of publication, distribution, etc. | Beijing : |
| Name of publisher, distributor, etc. | China Intercontinental press, |
| Date of publication, distribution, etc. | 2017. |
| 300 ## - PHYSICAL DESCRIPTION | |
| Extent | 360 p. ; |
| 942 ## - ADDED ENTRY ELEMENTS (KOHA) | |
| Source of classification or shelving scheme | |
| Koha item type | Book |
| Withdrawn status | Lost status | Source of classification or shelving scheme | Damaged status | Not for loan | Permanent Location | Current Location | Shelving location | Date acquired | Source of acquisition | Total Checkouts | Full call number | Barcode | Date last seen | Date last checked out | Price effective from | Koha item type |
|---|---|---|---|---|---|---|---|---|---|---|---|---|---|---|---|---|
| Central Library (CL) | Central Library (CL) | Chinese Studies | 11/21/2019 | Donation | 1 | 629.892 HON | CL-D-778 | 09/29/2025 | 08/19/2025 | 11/21/2019 | Book |
